| 000 | 00593nam a22001457a 4500 | ||
|---|---|---|---|
| 082 |
_a823 _bBHA/L |
||
| 100 | _aBHAKTIVEDANTA A.C | ||
| 245 | _aTHE LAWS OF NATURE | ||
| 260 |
_aMUMBAI _bNARMADA GOSWAMI _c1991 |
||
| 300 | _a118 | ||
| 520 | _aLaws of nature are (a subclass of the) true descriptions of the world. Whatever happens in the world, there are true descriptions of those events. It's true that you cannot “violate” a law of nature, but that's not because the laws of nature 'force' you to behave in some certain way. | ||
| 650 | _aTHEORY OF LAW | ||
| 700 | _aPHYSICS | ||
| 942 | _cBK | ||
| 999 |
_c7015 _d7015 |
||